Technologické aspekty výroby dusíkato-sírneho hnojiva diplomová práca

Enregistré dans:
Détails bibliographiques
Auteur principal: Baďurová, Bronislava
Format: Livre
Langue:slovaque
Publié: Bratislava STU FCHPT 2018
Accès en ligne:Voir à l'OPAC
Tags: Ajouter un tag
Pas de tags, Soyez le premier à ajouter un tag!

MARC

LEADER 00000nam a2200000 a 4500
005 20260127134340.0
008 180625 2018 xo a 001 0 slo d
035 |a vtls011763794 
039 9 |y 201806250908  |z mschk03 
040 |a STUSCHK1  |b slo  |c STUSCHK1  |e AACR2 
100 1 |a Baďurová, Bronislava 
245 1 |a Technologické aspekty výroby dusíkato-sírneho hnojiva  |b diplomová práca  |c Bronislava Baďurová 
260 |a Bratislava  |b STU FCHPT  |c 2018 
300 |a 65 s.  |b il.  |c 25 cm 
500 |a Študijný program: chemické technológie 
500 |a Študijný odbor: chemické technológie 
500 |a Školiace pracovisko: Oddelenie anorganickej technológie 
500 |a Evid. číslo: FCHPT-5439-64574 
910 |a SCHK95 
999 |c 10521  |d 10521